[Event "Autonomico-chT"]
[Site "Aragon"]
[Date "2005.01.22"]
[Round "1.3"]
[White "Melendez Fierro, Juan Bautista"]
[Black "Escuer Sanchez, Nestor"]
[Result "1-0"]
[WhiteElo "2261"]
[BlackElo "2032"]
[PlyCount "35"]
[EventDate "2005.01.22"]
[EventType "team"]
[EventRounds "12"]
[EventCountry "ESP"]
[SourceTitle "EXT 2006"]
[Source "ChessBase"]
[SourceDate "2005.11.24"]
[SourceVersion "1"]
[SourceVersionDate "2005.11.24"]
[SourceQuality "1"]

1. e4 e6 2. d4 d5 3. Nc3 dxe4 4. Nxe4 Nf6 5. Nxf6+ gxf6 6. Nf3 b6 7. Bf4 Bd6 8. Bg3 Bb7 9. Bd3 Qe7 10. Qe2 Nd7 11. 0-0 Bxg3 12. fxg3 Rd8 13. Rae1 c5 14. Nh4 cxd4 15. Nf5 Qf8 16. Qg4 h5 17. Ng7+ Ke7 18. Rxe6+ 1-0

[Event "Aragon-chT"]
[Site "Aragon"]
[Date "2003.03.22"]
[Round "9"]
[White "Melendez Fierro, Juan Bautista"]
[Black "Garcia Lainez, Jose Enrique"]
[Result "1/2-1/2"]
[WhiteElo "2249"]
[BlackElo "2158"]
[PlyCount "122"]
[EventDate "2003.02.??"]
[EventType "team"]
[EventRounds "9"]
[EventCountry "ESP"]
[SourceTitle "EXT 2004"]
[Source "ChessBase"]
[SourceDate "2003.11.25"]
[SourceVersion "1"]
[SourceVersionDate "2003.11.25"]
[SourceQuality "1"]

1. e4 c5 2. Nc3 Nc6 3. g3 g6 4. Bg2 Bg7 5. d3 d6 6. f4 e6 7. Nf3 Nge7 8. 0-0 0-0 9. Be3 Nd4 10. e5 Nef5 11. Bf2 dxe5 12. Nxe5 Qc7 13. Ne4 Nd6 14. c3 Nxe4 15. dxe4 Nb5 16. Qd3 a6 17. a4 Na7 18. Qc4 Bxe5 19. fxe5 Nc6 20. Qxc5 Qxe5 21. Rad1 Qxc5 22. Bxc5 Re8 23. b4 e5 24. b5 axb5 25. axb5 Na5 26. Rf2 Be6 27. Bf1 Rac8 28. Bb4 Nc4 29. Ra1 b6 30. Ra6 Rb8 31. Ra7 Red8 32. Be2 Nd2 33. Bf3 Rd3 34. Kg2 Nxf3 35. Rxf3 Bh3+ 36. Kf2 Rd2+ 37. Ke1 Rbd8 38. c4 Rd1+ 39. Kf2 f5 40. Rfa3 Rb1 41. Bc3 Rf1+ 42. Ke2 Rdd1 43. Ra8+ Kg7 44. Bxe5+ Kh6 45. Bf4+ g5 46. Bd2 Bg4+ 47. Kd3 fxe4+ 48. Kc2 Be2 49. Rd8 Bxc4 50. h4 Kh5 51. hxg5 Bxb5 52. Rd6 Bd3+ 53. Kc3 Rf2 54. Bf4 Rc2+ 55. Kd4 Rc5 56. Rxb6 Rc7 57. Ke5 Kg4 58. g6 hxg6 59. Rxg6+ Kf3 60. Re6 Rc5+ 61. Kf6 Kg4 1/2-1/2